<?xml version="1.0" encoding="UTF-8"?>
<record
    xmlns:xsi="http://www.w3.org/2001/XMLSchema-instance"
    xsi:schemaLocation="http://www.loc.gov/MARC21/slim http://www.loc.gov/standards/marcxml/schema/MARC21slim.xsd"
    xmlns="http://www.loc.gov/MARC21/slim">

  <leader>00987nam a22002057a 4500</leader>
  <controlfield tag="005">20231202102229.0</controlfield>
  <controlfield tag="008">220411b           ||||| |||| 00| 0 eng d</controlfield>
  <datafield tag="020" ind1=" " ind2=" ">
    <subfield code="a">9780889220003</subfield>
  </datafield>
  <datafield tag="040" ind1=" " ind2=" ">
    <subfield code="c">AL</subfield>
  </datafield>
  <datafield tag="041" ind1=" " ind2=" ">
    <subfield code="a">eng</subfield>
  </datafield>
  <datafield tag="082" ind1=" " ind2=" ">
    <subfield code="2">23</subfield>
    <subfield code="a">812.54</subfield>
    <subfield code="b">RYGE</subfield>
  </datafield>
  <datafield tag="100" ind1=" " ind2=" ">
    <subfield code="a">George Ryga</subfield>
    <subfield code="9">29370</subfield>
  </datafield>
  <datafield tag="245" ind1=" " ind2=" ">
    <subfield code="a">Ecstasy of rita joe</subfield>
  </datafield>
  <datafield tag="260" ind1=" " ind2=" ">
    <subfield code="a">Canada</subfield>
    <subfield code="b">Talon Books</subfield>
    <subfield code="c">2017</subfield>
  </datafield>
  <datafield tag="300" ind1=" " ind2=" ">
    <subfield code="a">112p.</subfield>
    <subfield code="b">PB</subfield>
    <subfield code="c">21.5x14cm.</subfield>
  </datafield>
  <datafield tag="365" ind1=" " ind2=" ">
    <subfield code="2">General</subfield>
    <subfield code="a">6193</subfield>
    <subfield code="b">&#x20B9;879.20</subfield>
    <subfield code="c">&#x20B9;</subfield>
    <subfield code="d">&#x20B9;1099.00</subfield>
    <subfield code="e">20%</subfield>
    <subfield code="f">1-03-2022</subfield>
  </datafield>
  <datafield tag="520" ind1=" " ind2=" ">
    <subfield code="a">Rita Joe is a Native girl who leaves the reservation for the city only to die on skid row as a victim of white men&#x2019;s violence and paternalistic attitudes towards First Nations peoples. As perhaps the best-known contemporary Canadian play and a poetic drama of enormous theatrical power The Ecstasy of Rita Joe had a major influence in awakening consciousness to the &#x201C;Indian problem&#x201D; both in whites and Natives themselves.
</subfield>
  </datafield>
  <datafield tag="650" ind1=" " ind2=" ">
    <subfield code="2">Literature </subfield>
    <subfield code="a">American Drama</subfield>
    <subfield code="9">29371</subfield>
  </datafield>
  <datafield tag="942" ind1=" " ind2=" ">
    <subfield code="2">ddc</subfield>
    <subfield code="c">BK</subfield>
  </datafield>
  <datafield tag="999" ind1=" " ind2=" ">
    <subfield code="c">222369</subfield>
    <subfield code="d">222369</subfield>
  </datafield>
  <datafield tag="952" ind1=" " ind2=" ">
    <subfield code="0">0</subfield>
    <subfield code="1">0</subfield>
    <subfield code="2">ddc</subfield>
    <subfield code="4">0</subfield>
    <subfield code="7">0</subfield>
    <subfield code="8">MAENG</subfield>
    <subfield code="a">SACPG</subfield>
    <subfield code="b">SACPG</subfield>
    <subfield code="d">2022-03-12</subfield>
    <subfield code="e">Biblios Book Point</subfield>
    <subfield code="g">879.20</subfield>
    <subfield code="l">0</subfield>
    <subfield code="o">812.54 RYGE</subfield>
    <subfield code="p">PG023866</subfield>
    <subfield code="r">2022-08-24 00:00:00</subfield>
    <subfield code="v">1099.00</subfield>
    <subfield code="w">2022-03-01</subfield>
    <subfield code="y">BK</subfield>
  </datafield>
</record>
